000 00446nam a2200181Ia 4500
001 3155
005 20260306144900.0
008 260306t2011||||xx |||||||||||||| ||spa||
041 _aESP
082 _a261.5
_bS42
100 _aSerretti, Massimo
_eAUT
245 0 _aNaturaleza de la comunión:
_bensayo sobre la relación
260 _c2011
300 _a204 páginas :
_c22 cm.
650 _aGEN
654 _aCHU
942 _cLIB
_dJUS
_fJUS
_2ddc
_n
999 _c3155
_d3155